000 00946cad a22002295a 4500
001 E148498
008 090924s2009 xxk f 000 0 eng d
035 _a(Sirsi) u148498
041 0 _aeng
050 0 4 _a347.4207 $2 18
110 2 _aRoyal Institution of Chartered Surveyors
_bDispute Resolution Professional Group
_95722
245 0 0 _aInternational Legal & ADR Update
_bAugust-September 2009
_h[electronic resource]
260 _aLondon
_bRICS
_c2009
490 0 _aRICS International Legal and ADR Update
_vAug-Sep 2009
520 _aExamines recent case law related to the issue of dispute resolution.
521 _aAdvanced
590 _aKA
651 4 _aInternational
690 _aMANAGEMENT-DISPUTE AVOIDANCE, MANAGEMENT AND RESOLUTION-DISPUTE MANAGEMENT AND RESOLUTION
856 4 0 _uhttps://www.rics.org/site/scripts/download_info.aspx?downloadID=3645&fileID=4180
_zView the update free of charge at www.rics.org...
942 _n0
999 _c110068
_d110068